00614nam a22002057a 450000100060000000300090000600500170001500700060003200800340003802000150007204000220008708200260010910000390013524500770017426000320025130000280028349000240031165000360033565000370037100091DO-SdBNP20221103101625.000091160315b1984 sp ||| 00| 0 spa d a8427933630 aBPMSUbspacBPMSU 4a863.6bG299p 19842221 aGefaell, María Luisa,d1918-197814aLa princesita que tenía los dedos mágicos /cMaría Luisa Gefaell  aBarcelona :bNoguer,c1984. a121 p. :bil., c19 cm.0 aMundo mágico,v49 4aCuentos infantiles españoles 4a Literatura infantil española